U.S. States with the Lowest Fertility Rate - Statistics

General Stats
  • This quiz has been taken 239 times
  • The average score is 8 of 10
Answer Stats
Rate State % Correct
1.69 New York
91%
1.54 Vermont
90%
1.64 Maine
87%
1.55 New Hampshire
87%
1.54 Rhode Island
87%
1.63 Connecticut
84%
1.54 Massachusetts
83%
1.72 Pennsylvania
69%
1.65 Oregon
66%
1.71 Colorado
39%
No matching quizzes found
Score Distribution
Percent of People with Each Score
Percentile by Number Answered
Your Score History
You have not taken this quiz